000 00585nam a2200217Ia 4500
003 0100
005 20161117111756.0
008 130303s9999 xx 000 0 und d
020 _a792321065
040 _cARRUPELIB
050 _aBR115.P7K251995
100 _aKainz, Howard P
_922441
245 _aDemocracy and the ''kingdom of God''
260 _aMilwaukee
260 _bMarquette University Press
300 _aviii
300 _b 251p. 23cm.
440 _aMarquette studies in philosophy , no. 6
_927504
700 _aHoward P. Kainz
_927505
942 _2lcc
_cMONOGRAPH
999 _c11685
_d11685